00323 a2200133 450000100060000002000180000604000220002410000240004624000240007024500190009430000080011336200090012165000590013060018 a9783126759625 cAnchieta - Pituba aKubicka, Aleksandra10aTeam deutsch 3lpor10aTeam deutsch 3 a1580 a2012 4aLínguas germânicas (teutônicas) língua alemã